000 00789nam a2200205 a 4500
003 0
005 20250516150327.0
008 021129s19uu xx 00 eng d
050 _aPGS HQ 755.85
_b.So715 2001
100 _aSosmeña, David Nathaniel M.
245 _a The common reminders given by parents working abroad to thieir children /
_cDavid Nathaniel M. Sosmeña.
260 _aLas Piñas City, Philippines :
_bSouthville International School and Colleges,
_c2001.
300 _a30 pages :
_billustrations ;
_c28 cm.
504 _aIncludes bibliographical references.
650 _aChildren of migrant laborers.
650 _aChildren of foreign workers.
650 _aCommunication in families.
650 _aOverseas Workers
_vFamily relationships.
942 _2lcc
_cPASS
999 _c96533
_d96533